Statistics for Biggest Colleges by On-Campus Enrollment

Click here to take the quiz!

General Stats

  • This quiz has been taken 17 times
  • The average score is 16 of 25

Answer Stats

EnrollmentAnswer% Correct
46,430UCLA
93%
52,384Texas
87%
51,134Arizona
80%
55,430Florida
80%
44,161Florida State
80%
49,972Michigan
80%
61,442Ohio State
80%
47,789Penn State
80%
47,005Indiana
73%
46,968Michigan State
73%
49,522Washington
73%
45,187Wisconsin
73%
57,588Arizona State
67%
56,194Illinois
67%
54,955Minnesota
67%
74,829Texas A&M
67%
49,000USC
60%
59,144NYU
53%
50,884Purdue
53%
68,442UCF
47%
49,766South Flordia
40%
45,745California
33%
46,700Houston
27%
55,687FIU
20%
44,705North Texas
7%

Score Distribution

Percentile by Number Answered

Percent of People with Each Score

Your Score History

You have not taken this quiz